| 000 | 00804nam a2200241 i 4500 | ||
|---|---|---|---|
| 001 | 12861 | ||
| 003 | ES-MaACL | ||
| 005 | 20230906150426.0 | ||
| 007 | t| | ||
| 008 | 970506s1996 sp ||||0| spa j | ||
| 020 | _a84-8198-186-9 | ||
| 040 |
_aM-BN _bspa _cM-BN |
||
| 080 | _a364.444(460) | ||
| 245 | 0 | 3 |
_aEl sistema sanitario en España _b: evolución, situación actual, problemas y perspectivas / _cMaría Luisa Fernández Ruiz ... [et al.]. |
| 260 |
_a[Madrid : _bCyan, _c1996] |
||
| 300 |
_a157 p. ; _c20 cm. |
||
| 490 | 1 |
_aLos libros de la catarata ; _v49 |
|
| 650 | 1 | 4 |
_aAsistencia sanitaria- _zEspaña. _910373 |
| 700 | 1 |
_aFernández Ruiz, María Luisa. _950056 |
|
| 830 | 0 |
_aLos libros de la catarata ; _v49 _9179841 |
|
| 852 |
_aES-MaACL _jL-20150 _bR.125507 |
||
| 999 |
_c12861 _d12861 |
||